00450nam a2200169Ia 4500003000900000008004100009020001800050040001600068080001500084100001700099245006200116260003700178300001400215650001400229650001300243700002400256IN-BaIIA211028s9999 xx 000 0 eng d a0-534-24893-4 cIIA Library a524.8bIMP aImpey, Chris 4aThe Universe revealedcChris Impey and William K Hartmann aPacific GrovebBrooks-Colec2000 axx, 636p. aAstronomy aUniverse aHartmann, William K